| 000 | 01253nam a22003497a 4500 | ||
|---|---|---|---|
| 001 | 1453305 | ||
| 003 | OSt | ||
| 005 | 20210421084003.0 | ||
| 008 | 851022s1984 ug a b 001 0 eng | ||
| 010 | _a 85219104 | ||
| 020 | _a0869222562 (pbk. : v. 3) | ||
| 040 |
_aeng _cDLC _deng _beng |
||
| 041 | _aeng | ||
| 043 | _ad------ | ||
| 050 | 0 | 0 |
_aHN49.C6 _bH66 1984 |
| 080 |
_a614 _bH-79 |
||
| 082 | 0 | 0 |
_a307.1/4 _219 |
| 100 | 1 | _aHope, Anne. | |
| 245 | 1 | 0 |
_aTraining for transformation : Book 3 _ba handbook for community workers / _c/ by: Mambo Press, _hEmory University Nell Hodgson Woodruff School of Nursing Transcultural and International Nursing Center |
| 260 |
_aGweru : _bMambo Press, _c1984. |
||
| 300 |
_a3 v. : v2 131 p. _bill. ; _c30 cm. |
||
| 500 | _aIncludes index. | ||
| 504 | _aBibliography: p. v. 1, p. 144-146. | ||
| 650 | 0 |
_aCommunity development _xHandbooks, manuals, etc. |
|
| 650 | 0 |
_aPublic Health _9337 |
|
| 650 | 0 |
_aAdult education _zDeveloping countries. |
|
| 653 | _aსაზოგადოებრივი ჯანდაცვა | ||
| 653 | _aზრდასრულთა განათლება | ||
| 700 | 1 | _aTimmel, Sally. | |
| 906 |
_a7 _bcbc _corignew _d2 _encip _f19 _gy-gencatlg |
||
| 942 |
_2udc _cBK _e1 |
||
| 999 |
_c734 _d734 |
||